[Event "GER-chT Christmas U16 Lasker"]
[Site "Playchess.com INT"]
[Date "2020.12.28"]
[Round "5.2"]
[White "Schulz, Victor"]
[Black "Paulsen, Niels Martin"]
[Result "1/2-1/2"]
[WhiteElo "1510"]
[BlackElo "1588"]
[PlyCount "88"]
[EventDate "2020.12.28"]
[EventType "team-swiss (blitz)"]
[EventRounds "7"]
[EventCountry "GER"]
[SourceTitle "CBM 200 Extra"]
[Source "ChessBase"]
[SourceDate "2021.03.31"]
[SourceVersion "1"]
[SourceVersionDate "2021.03.31"]
[SourceQuality "1"]
[WhiteTeam "Baden-Baden II"]
[BlackTeam "Luebeck II"]
[WhiteTeamCountry "GER"]
[BlackTeamCountry "GER"]

1. e4 c5 2. b3 Nc6 3. Bb2 a6 4. Nc3 e6 5. Nf3 Qc7 6. Be2 Nf6 7. 0-0 d5 8. exd5 exd5 9. d4 b6 10. dxc5 d4 11. Nxd4 Nxd4 12. Qxd4 Bxc5 13. Qd2 0-0 14. Nd5 Qd6 15. Nxf6+ gxf6 16. Qxd6 Bxd6 17. Bxf6 Bf5 18. Rad1 Bb4 19. Rd5 Bxc2 20. Rg5+ Bg6 21. f4 h6 22. Rg4 Kh7 23. f5 Bc5+ 24. Kh1 h5 25. fxg6+ fxg6 26. Re4 Rae8 27. Bd3 Rxe4 28. Bxe4 Bd4 29. Bxd4 Rxf1+ 30. Bg1 Ra1 31. a4 b5 32. Bc6 Rb1 33. axb5 axb5 34. Bd5 Kg7 35. h3 Kf6 36. Kh2 Ke5 37. Bf7 Kf6 38. Bg8 h4 39. Bd4+ Kf5 40. g4+ Kf4 41. Kg2 Rd1 42. Bf2 Rd2 43. Bf7 g5 44. Be8 b4 1/2-1/2

[Event "Schleswig Holstein-ch Hauptturnier"]
[Site "Ratzeburg"]
[Date "2017.04.09"]
[Round "2.10"]
[White "Paulsen, Niels Martin"]
[Black "Yueksel, Anja"]
[Result "0-1"]
[WhiteElo "1652"]
[BlackElo "1355"]
[PlyCount "40"]
[EventDate "2017.04.08"]
[EventType "swiss"]
[EventRounds "9"]
[EventCountry "GER"]
[SourceTitle "EXT 2022"]
[Source "ChessBase"]
[SourceDate "2021.10.06"]
[SourceVersion "1"]
[SourceVersionDate "2021.10.06"]
[SourceQuality "1"]

1. Nf3 d5 2. c4 Nf6 3. b3 g6 4. Bb2 Bg7 5. g3 0-0 6. Nc3 b6 7. Bg2 Bb7 8. 0-0 d4 9. Nb5 c5 10. e3 d3 11. Qb1 a6 12. Nc3 Bxf3 13. Bxf3 Ra7 14. Nd5 e6 15. Nxf6+ Bxf6 16. Bxf6 Qxf6 17. Be4 Rd7 18. Bxd3 Rfd8 19. Bc2 Rxd2 20. Rd1 Qxf2+ 0-1

[Event "GER-chT U10"]
[Site "Magdeburg"]
[Date "2014.12.29"]
[Round "6.2"]
[White "Jenschke, Tim"]
[Black "Paulsen, Niels Martin"]
[Result "1-0"]
[WhiteElo "1090"]
[BlackElo "1090"]
[PlyCount "65"]
[EventDate "2014.12.27"]
[EventType "team-swiss"]
[EventRounds "7"]
[EventCountry "GER"]
[SourceTitle "EXT 2016"]
[Source "ChessBase"]
[SourceDate "2015.10.08"]
[SourceVersion "1"]
[SourceVersionDate "2015.10.08"]
[SourceQuality "1"]
[WhiteTeam "Stralsund"]
[BlackTeam "Luebeck"]
[WhiteTeamCountry "GER"]
[BlackTeamCountry "GER"]

1. e4 c5 2. Nf3 Nc6 3. Bc4 Nf6 4. Nc3 g6 5. 0-0 Bg7 6. d3 d6 7. Bg5 Bg4 8. h3 Bd7 9. Qd2 Qc7 10. Bh6 0-0 11. Bf4 e5 12. Bg5 h6 13. Bxf6 Bxf6 14. Qxh6 Bg7 15. Qh4 Rfe8 16. Ng5 Bc8 17. Bxf7+ Kf8 18. Bxe8 Kxe8 19. Nd5 Qd8 20. Qh7 Kf8 21. Qxg6 Kg8 22. Qf7+ Kh8 23. Qg6 Kg8 24. Nf7 Ne7 25. Qxg7+ Kxg7 26. Nxd8 Nxd5 27. exd5 b6 28. Nc6 Bb7 29. f4 Re8 30. Rf2 exf4 31. Rxf4 Re2 32. Raf1 Re7 33. Nxe7 1-0

[Event "GER-ch U10"]
[Site "Magdeburg"]
[Date "2014.06.14"]
[Round "11"]
[White "Schade, Johannes"]
[Black "Paulsen, Niels Martin"]
[Result "0-1"]
[WhiteElo "1304"]
[BlackElo "1043"]
[PlyCount "80"]
[EventDate "2014.06.08"]
[EventType "swiss"]
[EventRounds "11"]
[EventCountry "GER"]
[SourceTitle "CBM 160 Extra"]
[Source "ChessBase"]
[SourceDate "2014.07.01"]
[SourceVersion "1"]
[SourceVersionDate "2014.07.01"]
[SourceQuality "1"]

1. d4 d5 2. c4 e5 3. Nc3 dxc4 4. Nf3 exd4 5. Nxd4 Bc5 6. e3 Nc6 7. Nxc6 Qxd1+ 8. Nxd1 bxc6 9. Bxc4 Nf6 10. 0-0 0-0 11. Nc3 Bf5 12. Re1 Rfe8 13. a3 a5 14. Bd2 Rab8 15. Rab1 Bxb1 16. Rxb1 Ne4 17. Nxe4 Rxe4 18. Bd3 Ree8 19. Bxa5 Rb7 20. Bc3 Reb8 21. b4 Bd6 22. Rd1 Ra7 23. Bb2 c5 24. b5 c6 25. e4 Bf8 26. e5 cxb5 27. Be2 Rab7 28. Bf3 Rb6 29. Rd5 b4 30. axb4 Rxb4 31. Bc1 Rb1 32. Rd1 Rc8 33. g3 c4 34. Be4 Ra1 35. Bd5 Ba3 36. e6 Rxc1 37. exf7+ Kf8 38. Rxc1 Bxc1 39. Kf1 Ba3 40. Ke2 c3 0-1

[Event "GER-ch U10"]
[Site "Magdeburg"]
[Date "2014.06.13"]
[Round "10"]
[White "Paulsen, Niels Martin"]
[Black "Mailitis, Ricardo"]
[Result "1-0"]
[WhiteElo "1043"]
[BlackElo "1205"]
[PlyCount "51"]
[EventDate "2014.06.08"]
[EventType "swiss"]
[EventRounds "11"]
[EventCountry "GER"]
[SourceTitle "CBM 160 Extra"]
[Source "ChessBase"]
[SourceDate "2014.07.01"]
[SourceVersion "1"]
[SourceVersionDate "2014.07.01"]
[SourceQuality "1"]

1. d4 c5 2. e3 e6 3. b3 b6 4. Bb2 Bb7 5. Bd3 Nf6 6. Nf3 Be7 7. Nbd2 0-0 8. 0-0 Qc7 9. c4 Na6 10. a3 Rac8 11. Qc2 h6 12. e4 Rfe8 13. e5 Nh5 14. g3 f5 15. Bxf5 exf5 16. Qxf5 Nf6 17. exf6 Bxf6 18. Rfe1 Rf8 19. Qg4 cxd4 20. Nxd4 Nc5 21. Re3 d6 22. Ne6 Qc6 23. Nf3 Bxb2 24. Nxg7 Bxg7 25. Re7 Rc7 26. Qxg7# 1-0

[Event "GER-ch U10"]
[Site "Magdeburg"]
[Date "2014.06.09"]
[Round "4"]
[White "Paulsen, Niels Martin"]
[Black "Ackermann, Richard"]
[Result "0-1"]
[WhiteElo "1043"]
[BlackElo "1239"]
[PlyCount "82"]
[EventDate "2014.06.08"]
[EventType "swiss"]
[EventRounds "11"]
[EventCountry "GER"]
[SourceTitle "CBM 160 Extra"]
[Source "ChessBase"]
[SourceDate "2014.07.01"]
[SourceVersion "1"]
[SourceVersionDate "2014.07.01"]
[SourceQuality "1"]

1. d4 d5 2. Nf3 Nc6 3. Bf4 Bf5 4. Nc3 Nf6 5. e3 e6 6. Bb5 Bd6 7. Bxd6 cxd6 8. 0-0 0-0 9. Qe2 Qc7 10. Rfe1 Rfe8 11. Bd3 Bxd3 12. Qxd3 Rad8 13. Ng5 h6 14. Nf3 e5 15. e4 Nb4 16. Qd2 exd4 17. Qxd4 Nxc2 18. Qd3 Nxa1 19. exd5 Nc2 20. Qxc2 Nxd5 21. Rc1 Nxc3 22. bxc3 b5 23. Rb1 Qe7 24. h3 Qe4 25. Qxe4 Rxe4 26. Rxb5 Ra4 27. Rb2 Rc8 28. Rc2 Rac4 29. Rd2 Rxc3 30. Rxd6 Ra3 31. Rd2 Rc1+ 32. Kh2 Ra1 33. Rd8+ Kh7 34. Ne5 R3xa2 35. f3 Rf1 36. Rd7 Rff2 37. Kh1 Rxg2 38. Rxf7 Rh2+ 39. Kg1 Rag2+ 40. Kf1 Rf2+ 41. Ke1 Ra2 0-1

[Event "GER-ch U10"]
[Site "Magdeburg"]
[Date "2014.06.08"]
[Round "1"]
[White "Pauls, Fynn"]
[Black "Paulsen, Niels Martin"]
[Result "1-0"]
[WhiteElo "1382"]
[BlackElo "1043"]
[PlyCount "42"]
[EventDate "2014.06.08"]
[EventType "swiss"]
[EventRounds "11"]
[EventCountry "GER"]
[SourceTitle "CBM 160 Extra"]
[Source "ChessBase"]
[SourceDate "2014.07.01"]
[SourceVersion "1"]
[SourceVersionDate "2014.07.01"]
[SourceQuality "1"]

1. d4 d5 2. c4 Nf6 3. cxd5 Nxd5 4. e4 Nb6 5. Nc3 Nc6 6. d5 Ne5 7. Bf4 f6 8. Bxe5 fxe5 9. Qh5+ g6 10. Qxe5 Rg8 11. Qg3 Qd6 12. Qxd6 exd6 13. Nb5 Kd8 14. Rc1 Bh6 15. Rc2 Bd7 16. Bd3 Kc8 17. Nxc7 Kd8 18. Nxa8 Nxa8 19. Nf3 Nc7 20. 0-0 Na6 21. Bxa6 bxa6 1-0